[Event "NAYCC U12 w"]
[Site "Kingston CAN"]
[Date "2019.08.19"]
[Round "7.100"]
[White "Morden, Simone"]
[Black "Wang, Lilian"]
[Result "1-0"]
[WhiteElo "1415"]
[BlackElo "1767"]
[PlyCount "73"]
[EventDate "2019.08.16"]
[EventType "swiss"]
[EventRounds "9"]
[EventCountry "CAN"]

1. d4 Nf6 2. Nf3 g6 3. c4 Bg7 4. Nc3 d6 5. Bf4 O-O 6. e3 c5 7. d5 h6 8. h3 Qa5
9. Qc2 Nbd7 10. Be2 a6 11. O-O Rb8 12. Nd2 Qc7 13. Rfd1 Nb6 14. Bh2 Bd7 15. e4
Rfd8 16. f4 Nh7 17. Nf3 e6 18. e5 Rbc8 19. dxe6 Bxe6 20. exd6 Qc6 21. Ne5 Bxe5
22. fxe5 Nxc4 23. Nd5 Bxd5 24. Bxc4 Bxc4 25. Qxc4 Ng5 26. Bf4 Kg7 27. Bxg5 hxg5
28. Qg4 Qb6 29. Qxg5 Qxb2 30. Qf6+ Kg8 31. Qe7 c4 32. e6 fxe6 33. Qxe6+ Kg7 34.
Rab1 Qxa2 35. Rxb7+ Kh6 36. Qe3+ g5 37. Qe6+ 1-0

[Event "NAYCC U12 w"]
[Site "Kingston CAN"]
[Date "2019.08.19"]
[Round "7.101"]
[White "Vidyarthi, Omya"]
[Black "Wang, Felicity"]
[Result "1-0"]
[WhiteElo "1905"]
[BlackElo "1490"]
[PlyCount "87"]
[EventDate "2019.08.16"]
[EventType "swiss"]
[EventRounds "9"]
[EventCountry "CAN"]

1. d4 d5 2. c4 e6 3. Nc3 Nf6 4. cxd5 exd5 5. Bg5 Be7 6. e3 Nbd7 7. Bd3 c6 8.
Qc2 O-O 9. Nge2 Re8 10. O-O h6 11. Bf4 b6 12. Nb5 Rf8 13. Nc7 Bb7 14. Nxa8 Qxa8
15. h3 c5 16. Rfc1 a6 17. a4 Re8 18. Bf5 Nf8 19. a5 c4 20. axb6 N8d7 21. Bc7
Bd8 22. Bxd7 Nxd7 23. Qa4 Bxc7 24. bxc7 Qc8 25. Qa5 Nf6 26. b3 cxb3 27. Rab1
Qe6 28. Rxb3 Bc8 29. Rb8 Nh5 30. Qa4 Nf6 31. Nf4 Qe7 32. Qc6 Qe4 33. Qc2 Qe7
34. Rcb1 Qd7 35. Ra8 g5 36. Ne2 Ne4 37. Rbb8 Nd6 38. Ng3 Qe6 39. Qc6 Qe7 40.
Nf5 Nxf5 41. Qxe8+ Qxe8 42. Rxc8 Qxc8 43. Rxc8+ Kg7 44. Rg8+ 1-0

[Event "NAYCC U12 w"]
[Site "Kingston CAN"]
[Date "2019.08.19"]
[Round "7.102"]
[White "Wang, Rachel"]
[Black "Zhong, April Yunwei"]
[Result "1-0"]
[WhiteElo "1344"]
[BlackElo "1340"]
[PlyCount "73"]
[EventDate "2019.08.16"]
[EventType "swiss"]
[EventRounds "9"]
[EventCountry "CAN"]

1. d4 f5 2. c4 Nf6 3. Nc3 e6 4. Nf3 Be7 5. g3 d6 6. Bg2 O-O 7. O-O Qe8 8. Re1
Nc6 9. d5 Ne5 10. Nxe5 dxe5 11. e4 Bd6 12. dxe6 Qxe6 13. Qd3 f4 14. gxf4 exf4
15. e5 Bb4 16. Bxf4 Nh5 17. Bd5 Nxf4 18. Bxe6+ Bxe6 19. Qc2 Nh3+ 20. Kh1 Rxf2
21. Re2 Raf8 22. Rxf2 Rxf2 23. Qd3 Bxc3 24. bxc3 Bg4 25. Rf1 Be2 26. Qd8+ Kf7
27. Rxf2+ Nxf2+ 28. Kg2 Ng4 29. Qd7+ Kg6 30. e6 Nf6 31. Qf7+ Kh6 32. e7 Bh5 33.
Qe6 Kg5 34. Qc8 Bg6 35. Qxb7 Be8 36. Qxc7 Kg6 37. Qxa7 1-0

[Event "NAYCC U12 w"]
[Site "Kingston CAN"]
[Date "2019.08.19"]
[Round "7.103"]
[White "Ruchinskaya, Valerie"]
[Black "Huang, Lulu"]
[Result "1-0"]
[WhiteElo "1412"]
[BlackElo "1285"]
[PlyCount "135"]
[EventDate "2019.08.16"]
[EventType "swiss"]
[EventRounds "9"]
[EventCountry "CAN"]

1. d4 Nf6 2. c4 g6 3. Nc3 Bg7 4. e4 d6 5. Nf3 O-O 6. Be2 Na6 7. O-O e5 8. d5
Nc5 9. Qc2 a5 10. Bd2 Bd7 11. b3 Nh5 12. Ne1 f5 13. Bxh5 gxh5 14. f3 f4 15. Nd3
Nxd3 16. Qxd3 Kh8 17. Kh1 Qh4 18. Be1 Qe7 19. Rg1 Rg8 20. Bf2 Bh6 21. Raf1 Raf8
22. Be1 Rg6 23. Qe2 Rfg8 24. Qf2 Qg7 25. Ne2 b6 26. a4 Bc8 27. Nc3 Bh3 28. gxh3
Bg5 29. Ne2 h4 30. Rg4 h5 31. Rg2 Qd7 32. Ng1 Qg7 33. Ne2 Qd7 34. Nc3 Qxh3 35.
Nb5 Qd7 36. Na7 Kh7 37. Nc6 R8g7 38. Rgg1 Qc8 39. Qe2 h3 40. Bf2 Qg8 41. Qe1
Kh8 42. b4 axb4 43. Nxb4 Kh7 44. Nc6 Kh8 45. a5 bxa5 46. Nxa5 Kh7 47. c5 dxc5
48. Nc4 Kh8 49. Nxe5 Ra6 50. Bh4 Bh6 51. Qe2 Ra8 52. Bf6 Kh7 53. Bxg7 Bxg7 54.
Nd3 Qf7 55. Qf2 Bd4 56. Qh4 Bxg1 57. Rxg1 Re8 58. Rg5 Kh6 59. Nxf4 Rg8 60.
Rxh5+ Kg7 61. Rh7+ Kf8 62. Rxf7+ Kxf7 63. Qh7+ Rg7 64. Qf5+ Kg8 65. Ne6 Rf7 66.
Qg6+ Kh8 67. Qxf7 c6 68. Qg7# 1-0

[Event "NAYCC U12 w"]
[Site "Kingston CAN"]
[Date "2019.08.19"]
[Round "7.104"]
[White "Zhou, Celina"]
[Black "Tec, Isavelina"]
[Result "1-0"]
[WhiteElo "1446"]
[BlackElo "1163"]
[PlyCount "107"]
[EventDate "2019.08.16"]
[EventType "swiss"]
[EventRounds "9"]
[EventCountry "CAN"]

1. d4 d5 2. c4 c6 3. Nc3 dxc4 4. a4 e5 5. dxe5 Qxd1+ 6. Nxd1 Na6 7. Bd2 Nc5 8.
Nc3 Bf5 9. e4 Nxe4 10. Nxe4 Bxe4 11. Nf3 Bd3 12. O-O-O Bc5 13. Bxd3 cxd3 14.
Rhf1 Ne7 15. Bc3 Nd5 16. Rxd3 Nf4 17. Rd2 Rd8 18. g3 Rxd2 19. Bxd2 Nd3+ 20. Kc2
Nb4+ 21. Kb3 Nd5 22. Kc4 Be7 23. b4 Kd7 24. Rd1 Rd8 25. Be1 b5+ 26. axb5 Kc7
27. Nd4 Nb6+ 28. Kc3 c5 29. bxc5 Bxc5 30. Rd2 Nd5+ 31. Kb3 Bb4 32. Rc2+ Kb7 33.
Nc6 Bxe1 34. Nxd8+ Kb6 35. Nxf7 Kxb5 36. Nd6+ Kb6 37. Nc4+ Kb5 38. Nd6+ Kb6 39.
e6 Bb4 40. e7 Nxe7 41. Kxb4 a5+ 42. Ka4 Nc6 43. Nc4+ Ka6 44. Rd2 Ka7 45. Nxa5
Nb8 46. Rb2 Ka8 47. Rb7 g5 48. Rxh7 g4 49. Rg7 Na6 50. Nc6 Nc7 51. Ka5 Nb5 52.
Kb6 Nc7 53. Rg8+ Ne8 54. Rxe8# 1-0

[Event "NAYCC U12 w"]
[Site "Kingston CAN"]
[Date "2019.08.19"]
[Round "7.105"]
[White "Zhang, Joyce"]
[Black "Yang, Adelynne"]
[Result "0-1"]
[WhiteElo "1339"]
[BlackElo "1133"]
[PlyCount "136"]
[EventDate "2019.08.16"]
[EventType "swiss"]
[EventRounds "9"]
[EventCountry "CAN"]

1. e4 c5 2. Nf3 e6 3. c3 d5 4. Bb5+ Bd7 5. Bxd7+ Qxd7 6. exd5 exd5 7. d4 cxd4
8. cxd4 Bd6 9. O-O Ne7 10. Nc3 O-O 11. Re1 Nbc6 12. Bg5 Rfe8 13. Qd2 Rac8 14.
Ne5 Qd8 15. Nxd5 Bxe5 16. Nxe7+ Nxe7 17. dxe5 Qxd2 18. Bxd2 Rc2 19. Bc3 Nd5 20.
Rac1 Rxc1 21. Rxc1 Nxc3 22. Rxc3 f6 23. f4 fxe5 24. fxe5 Rxe5 25. Rc8+ Kf7 26.
Rc7+ Re7 27. Rxe7+ Kxe7 28. Kf2 Kd6 29. Ke3 Ke5 30. g3 b5 31. a3 Kd5 32. Kd3 h5
33. b3 a5 34. Ke3 g5 35. h3 h4 36. gxh4 gxh4 37. Kd3 Ke5 38. Ke3 Kf5 39. Kf3
Ke5 40. Ke3 Kd5 41. Kd3 Kc5 42. Kc3 b4+ 43. axb4+ axb4+ 44. Kd3 Kd5 45. Ke3 Ke5
46. Kd3 Kf4 47. Kc4 Kg3 48. Kxb4 Kxh3 49. Ka5 Kg4 50. b4 h3 51. b5 h2 52. b6
h1=Q 53. Ka6 Qa8+ 54. Kb5 Qb7 55. Kc5 Kf5 56. Kb5 Ke6 57. Ka5 Kd6 58. Kb5 Qb8
59. Kc4 Qxb6 60. Kd3 Qb4 61. Ke3 Qc4 62. Kf3 Ke5 63. Ke3 Qd4+ 64. Ke2 Qc3 65.
Kd1 Qb2 66. Ke1 Ke4 67. Kf1 Kf3 68. Ke1 Qe2# 0-1

[Event "NAYCC U12 w"]
[Site "Kingston CAN"]
[Date "2019.08.19"]
[Round "7.106"]
[White "Li, Annie"]
[Black "Gomez Camara, Sofia"]
[Result "1/2-1/2"]
[WhiteElo "1285"]
[BlackElo "1243"]
[PlyCount "112"]
[EventDate "2019.08.16"]
[EventType "swiss"]
[EventRounds "9"]
[EventCountry "CAN"]

1. e4 e5 2. Nf3 Nf6 3. Nxe5 d6 4. Nf3 Nxe4 5. d3 Nf6 6. Nc3 Be7 7. Be2 O-O 8.
O-O Nc6 9. Re1 Bg4 10. h3 Bh5 11. Be3 h6 12. Nd4 Bxe2 13. Qxe2 Nxd4 14. Bxd4
Re8 15. Qf3 c6 16. Qg3 d5 17. Re2 Bd6 18. Rxe8+ Nxe8 19. Qe3 b6 20. Qe2 c5 21.
Be5 Bxe5 22. Qxe5 Nf6 23. d4 Qe8 24. Re1 cxd4 25. Nxd5 Qxe5 26. Rxe5 Nxd5 27.
Rxd5 Rc8 28. Rxd4 Rxc2 29. Rg4 Kf8 30. Ra4 a5 31. b3 Ke7 32. f3 Kd6 33. Rd4+
Ke5 34. Rd7 Ke6 35. Rb7 Rxa2 36. Rxb6+ Ke7 37. b4 axb4 38. Rxb4 Ra5 39. Rb7+
Kf6 40. Rb6+ Ke7 41. Rb7+ Ke6 42. Rb6+ Ke5 43. Rb7 Kf6 44. Rb6+ Kg5 45. g4 f5
46. Kg2 h5 47. Rb4 hxg4 48. hxg4 fxg4 49. Rxg4+ Kh6 50. Kg3 Rg5 51. Kf4 Rxg4+
52. Kxg4 Kg6 53. Kf4 Kf6 54. Kg4 Kg6 55. Kf4 Kf6 56. Kg4 Kg6 1/2-1/2

[Event "NAYCC U12 w"]
[Site "Kingston CAN"]
[Date "2019.08.19"]
[Round "7.107"]
[White "Surya, Dania"]
[Black "Elangovan, Ramya"]
[Result "1/2-1/2"]
[WhiteElo "1216"]
[BlackElo "1432"]
[PlyCount "52"]
[EventDate "2019.08.16"]
[EventType "swiss"]
[EventRounds "9"]
[EventCountry "CAN"]

1. e4 c5 2. d4 cxd4 3. c3 dxc3 4. Nxc3 Nc6 5. Bc4 e6 6. Nf3 a6 7. O-O Qc7 8.
Qe2 Be7 9. Rd1 d6 10. Bf4 Nf6 11. e5 dxe5 12. Nxe5 Nxe5 13. Bxe5 Qc6 14. Nb5
O-O 15. Nc7 Ra7 16. Rac1 Qe4 17. Bd4 Qxe2 18. Bxe2 b6 19. Bxb6 Rb7 20. Bd4 a5
21. Ba6 Rb8 22. Bxc8 Rfxc8 23. Na6 Ra8 24. Rxc8+ Rxc8 25. Nc5 Kf8 26. Nb3 Nd5
1/2-1/2

[Event "NAYCC U12 w"]
[Site "Kingston CAN"]
[Date "2019.08.19"]
[Round "7.108"]
[White "Liu, Lily"]
[Black "Chen, Angela"]
[Result "1/2-1/2"]
[WhiteElo "919"]
[BlackElo "1341"]
[PlyCount "106"]
[EventDate "2019.08.16"]
[EventType "swiss"]
[EventRounds "9"]
[EventCountry "CAN"]

1. e4 e5 2. Nf3 Nc6 3. d4 exd4 4. Nxd4 Bc5 5. Nb3 Bb6 6. Nc3 d6 7. Bd3 h6 8.
Qe2 Nf6 9. Bf4 O-O 10. O-O-O Bg4 11. f3 Bd7 12. Be3 Bxe3+ 13. Qxe3 Ne5 14. Qe2
Nh5 15. Qd2 Nxd3+ 16. Qxd3 Nf4 17. Qd2 Ng6 18. h3 a5 19. Nd4 a4 20. a3 Rb8 21.
h4 Nxh4 22. Rh2 Ng6 23. Rdh1 Re8 24. Nde2 Qg5 25. f4 Qd8 26. f5 Ne5 27. Qf4 c6
28. Rxh6 f6 29. Qg3 Kf7 30. Rh7 Rg8 31. Nf4 Qf8 32. Ng6 Nxg6 33. fxg6+ Ke7 34.
Rd1 Ke6 35. Ne2 Rc8 36. Nd4+ Ke7 37. Nf5+ Bxf5 38. exf5 Kd7 39. Rhh1 b5 40.
Rxd6+ Qxd6 41. Rd1 Qxd1+ 42. Kxd1 Rgd8 43. c3 Ke7+ 44. Kc2 Rd5 45. Qe3+ Re5 46.
Qa7+ Kd8 47. Qxg7 Rxf5 48. Qh8+ Kc7 49. Qh7+ Kb6 50. g7 Rf2+ 51. Kd3 Rxg2 52.
Qh6 Rg8 53. Qxf6 R8xg7 1/2-1/2

[Event "NAYCC U12 w"]
[Site "Kingston CAN"]
[Date "2019.08.19"]
[Round "7.109"]
[White "Liao, Jody"]
[Black "Jin, Christina"]
[Result "0-1"]
[WhiteElo "991"]
[BlackElo "1503"]
[PlyCount "146"]
[EventDate "2019.08.16"]
[EventType "swiss"]
[EventRounds "9"]
[EventCountry "CAN"]

1. e4 c5 2. Nf3 d6 3. d4 cxd4 4. Nxd4 Nf6 5. Nc3 a6 6. Bd3 e5 7. Nf3 Be6 8. O-O
Be7 9. Be3 O-O 10. Qd2 Nbd7 11. h3 Nc5 12. Bxc5 dxc5 13. Rfd1 Qc7 14. b3 Rad8
15. Qe2 b5 16. Qe3 c4 17. Be2 Bc5 18. Qc1 Bd4 19. Nxd4 exd4 20. Nb1 c3 21. Na3
Nxe4 22. Bd3 Nf6 23. Re1 Rfe8 24. Qd1 Qc5 25. Qc1 Bd5 26. Rxe8+ Rxe8 27. Nb1
Qe7 28. Qg5 Qe1+ 29. Kh2 Qe5+ 30. Qxe5 Rxe5 31. a4 b4 32. Bxa6 Re1 33. Bd3 Ba8
34. f3 h6 35. a5 Bc6 36. a6 Re8 37. Ra5 Nd7 38. Bb5 Bxb5 39. Rxb5 Ra8 40. Ra5
d3 41. Nxc3 bxc3 42. cxd3 c2 43. Ra1 Rxa6 44. Rc1 Rc6 45. Kg1 Ne5 46. Rxc2 Rxc2
47. d4 Nd7 48. d5 Rd2 49. b4 Rxd5 50. Kf2 Rb5 51. Kg3 Rxb4 52. f4 f5 53. h4 h5
54. Kh3 Rxf4 55. Kg3 Rg4+ 56. Kh3 Ne5 57. g3 Nd3 58. Kg2 f4 59. Kf3 Rxg3+ 60.
Ke2 Nc5 61. Kf2 Ra3 62. Ke2 Kf7 63. Kd2 Ke6 64. Ke2 Ke5 65. Kf2 f3 66. Kf1 Ra2
67. Ke1 f2+ 68. Kf1 Ra1+ 69. Kxf2 Ra3 70. Kg2 Kf4 71. Kh2 Kg4 72. Kh1 Kg3 73.
Kg1 Ra1# 0-1

[Event "NAYCC U12 w"]
[Site "Kingston CAN"]
[Date "2019.08.19"]
[Round "7.110"]
[White "Xie, Amy"]
[Black "Chen, Helen"]
[Result "0-1"]
[WhiteElo "625"]
[BlackElo "1447"]
[PlyCount "94"]
[EventDate "2019.08.16"]
[EventType "swiss"]
[EventRounds "9"]
[EventCountry "CAN"]

1. e4 c5 2. Nf3 Nc6 3. Nc3 Nf6 4. Bc4 d6 5. Ng5 e6 6. Nxf7 Kxf7 7. O-O Be7 8.
d3 Rf8 9. Bg5 Kg8 10. Ne2 d5 11. Bb5 h6 12. Qd2 hxg5 13. Qxg5 Nh7 14. Qg3 Bh4
15. Qg4 Qg5 16. Qxg5 Bxg5 17. f4 Be7 18. c4 dxe4 19. Rad1 exd3 20. Rxd3 Nb4 21.
Rd2 Nxa2 22. Ba4 b6 23. Bc2 Bb7 24. Rd3 Be4 25. Rd2 Bxc2 26. Rxc2 Rfd8 27. b3
Nb4 28. Rcc1 Rd2 29. Rf2 Nd3 30. Rcf1 Nxf2 31. Rxf2 Rd1+ 32. Rf1 Rxf1+ 33. Kxf1
a5 34. Nc3 Bf6 35. Nb5 a4 36. bxa4 Rxa4 37. Nd6 Be7 38. Nb5 Rxc4 39. Na3 Rb4
40. g3 c4 41. Nc2 Rb2 42. Nd4 c3 43. Nxe6 c2 44. Kf2 c1=Q+ 45. Kf3 Qe1 46. Nd4
Bf6 47. Nf5 Qe2# 0-1

[Event "NAYCC U12 w"]
[Site "Kingston CAN"]
[Date "2019.08.19"]
[Round "7.111"]
[White "Geillon-Barral, Roween"]
[Black "Jeyakumar, Mathusha"]
[Result "0-1"]
[WhiteElo "874"]
[BlackElo "855"]
[PlyCount "144"]
[EventDate "2019.08.16"]
[EventType "swiss"]
[EventRounds "9"]
[EventCountry "CAN"]

1. e4 e5 2. Nf3 Nc6 3. Bc4 Nf6 4. Ng5 d5 5. Bxd5 Nxd5 6. exd5 Qxg5 7. O-O Bh3
8. g3 Bxf1 9. Kxf1 Nd4 10. d3 Qf5 11. Kg2 Bc5 12. Be3 O-O-O 13. Nc3 h5 14. h4
Qg4 15. Qxg4+ hxg4 16. Rc1 Bb6 17. a3 Rd6 18. b4 Rh5 19. a4 a5 20. b5 Rf6 21.
Ne4 Rff5 22. c3 Ne2 23. Rc2 Bxe3 24. fxe3 Nf4+ 25. exf4 exf4 26. c4 f3+ 27. Kf2
f6 28. d6 g5 29. Rd2 gxh4 30. gxh4 Rxh4 31. Kg3 Rh1 32. Kxg4 Re5 33. Kxf3 cxd6
34. Nxd6+ Kc7 35. Ne4 Rf5+ 36. Kg4 Rff1 37. Ng3 Rhg1 38. Kh3 Ra1 39. Kh2 Rgd1
40. Rc2 Rxa4 41. Ne4 f5 42. Nf2 Re1 43. Kg3 Rb4 44. Kf4 a4 45. Rc3 Rf1 46. Kg3
Rb3 47. Rc2 a3 48. Ra2 Rg1+ 49. Kf4 Rgb1 50. Kxf5 R1b2 51. Ra1 a2 52. Nd1 Rc2
53. Ne3 Rf2+ 54. Ke4 Rb1 55. Rxa2 Rxa2 56. d4 b6 57. d5 Kd6 58. Nf5+ Kc5 59.
Ke5 Re2+ 60. Kf6 Kxc4 61. d6 Rxb5 62. d7 Rd5 63. Kg5 Rxd7 64. Kf4 Rf7 65. Kf3
Rxf5+ 66. Kxe2 Kd4 67. Kd1 Rf2 68. Ke1 Ra2 69. Kf1 Ke3 70. Kg1 Kf3 71. Kh1 Kg3
72. Kg1 Ra1# 0-1

[Event "NAYCC U12 w"]
[Site "Kingston CAN"]
[Date "2019.08.19"]
[Round "8.98"]
[White "Lee, Yesun"]
[Black "Vidyarthi, Omya"]
[Result "1-0"]
[WhiteElo "1696"]
[BlackElo "1905"]
[PlyCount "105"]
[EventDate "2019.08.16"]
[EventType "swiss"]
[EventRounds "9"]
[EventCountry "CAN"]

1. d4 d5 2. Nf3 Nf6 3. Bf4 c5 4. e3 Nc6 5. Be2 Bf5 6. c3 e6 7. dxc5 Bxc5 8.
Nbd2 h6 9. Nd4 O-O 10. Nxf5 exf5 11. O-O Re8 12. Nb3 Bb6 13. Bd3 Ne4 14. Nd4
Qf6 15. Qc2 Rac8 16. Qd1 Ne7 17. a4 a6 18. Re1 g5 19. Bg3 Ng6 20. Bxe4 dxe4 21.
h3 Rcd8 22. a5 Ba7 23. Qb3 Rd7 24. Ra4 f4 25. Bh2 f3 26. Rb4 fxg2 27. Bg3 Bxd4
28. cxd4 Qf3 29. Rxb7 Rxb7 30. Qxb7 Qf5 31. Kxg2 Qxa5 32. Rc1 Qf5 33. Qxa6 h5
34. Qe2 h4 35. Bh2 Kg7 36. Rc5 Qf6 37. Qg4 Kh6 38. Qf5 Re6 39. Qxf6 Rxf6 40. b4
Rb6 41. b5 Ne7 42. Bc7 Rb7 43. b6 Nc8 44. d5 Kh7 45. Rb5 Kg6 46. d6 Nxd6 47.
Bxd6 Kf6 48. Bc7 Ke6 49. Rxg5 Kd7 50. Rg4 f5 51. Rxh4 Ke6 52. Rh8 Kd5 53. Rb8
1-0

[Event "NAYCC U12 w"]
[Site "Kingston CAN"]
[Date "2019.08.19"]
[Round "8.99"]
[White "Hua, Michelle"]
[Black "Wang, Rachel"]
[Result "1/2-1/2"]
[WhiteElo "1666"]
[BlackElo "1344"]
[PlyCount "90"]
[EventDate "2019.08.16"]
[EventType "swiss"]
[EventRounds "9"]
[EventCountry "CAN"]

1. c4 c5 2. g3 g6 3. Bg2 Bg7 4. Nc3 Nc6 5. Nf3 e6 6. O-O Nge7 7. d3 O-O 8. Bf4
d6 9. Rb1 b6 10. Nb5 e5 11. Bg5 Bb7 12. Nc3 Qd7 13. Bxe7 Nxe7 14. Ne1 Bxg2 15.
Nxg2 d5 16. cxd5 Nxd5 17. Nxd5 Qxd5 18. b3 Rad8 19. Qc2 Rfe8 20. Rfd1 Qe6 21.
Qc4 Rd7 22. Kf1 Rd4 23. Qxe6 Rxe6 24. e4 Red6 25. Ke2 Kf8 26. Ne3 Rd7 27. Nd5
f5 28. f3 Rb7 29. Rbc1 Ke8 30. Rf1 g5 31. g4 f4 32. h4 gxh4 33. Rh1 Rxd5 34.
exd5 Bf6 35. Rc4 Rd7 36. Ra4 a5 37. Re4 h6 38. Kd2 Rxd5 39. Kc3 Kd7 40. Kc4 Kc6
41. a4 Be7 42. Rhe1 Bf6 43. Rh1 Be7 44. Rhe1 Bf6 45. Rh1 Be7 1/2-1/2

[Event "NAYCC U12 w"]
[Site "Kingston CAN"]
[Date "2019.08.19"]
[Round "8.100"]
[White "Wen, Kally"]
[Black "Rajaram, Anika"]
[Result "0-1"]
[WhiteElo "1339"]
[BlackElo "1560"]
[PlyCount "122"]
[EventDate "2019.08.16"]
[EventType "swiss"]
[EventRounds "9"]
[EventCountry "CAN"]

1. d4 d5 2. c4 e6 3. Nc3 Nf6 4. cxd5 exd5 5. Bg5 Be7 6. Qc2 c6 7. e3 O-O 8. Bd3
Nbd7 9. Nf3 Re8 10. O-O Nf8 11. Rab1 h6 12. Bh4 Ne4 13. Bxe7 Qxe7 14. b4 Bf5
15. b5 Nxc3 16. Qxc3 Bxd3 17. Qxd3 Qd6 18. bxc6 bxc6 19. Ne5 Nd7 20. Nxd7 Qxd7
21. Qa6 Rab8 22. g3 Qc7 23. Rfc1 Rb6 24. Qa3 Reb8 25. Rxb6 axb6 26. Qc3 Rc8 27.
Qb3 Qa7 28. Rb1 b5 29. Rc1 Qa6 30. Qc2 Qa3 31. Kg2 g6 32. Rb1 Qa6 33. Rb2 h5
34. Qc1 Qa5 35. Rc2 Qa6 36. Qd2 Qb7 37. Rc3 Qe7 38. Qc1 Qe6 39. Rc5 Kg7 40. Qc2
h4 41. e4 hxg3 42. fxg3 Qxe4+ 43. Qxe4 dxe4 44. d5 Kf6 45. dxc6 Ke6 46. Kf2 Kd6
47. Rxb5 Rxc6 48. Ke3 f5 49. Kd4 Ra6 50. Rb2 Ra4+ 51. Ke3 Ra3+ 52. Kf4 Ra6 53.
g4 Ke6 54. Rg2 Kf6 55. Rf2 g5+ 56. Ke3 Ra3+ 57. Kd4 Ra4+ 58. Ke3 f4+ 59. Ke2
Rxa2+ 60. Ke1 Ra1+ 61. Ke2 Ke5 0-1

[Event "NAYCC U12 w"]
[Site "Kingston CAN"]
[Date "2019.08.19"]
[Round "8.101"]
[White "Morden, Simone"]
[Black "Ruchinskaya, Valerie"]
[Result "1-0"]
[WhiteElo "1415"]
[BlackElo "1412"]
[PlyCount "109"]
[EventDate "2019.08.16"]
[EventType "swiss"]
[EventRounds "9"]
[EventCountry "CAN"]

1. d4 d5 2. Nf3 Nf6 3. e3 Bg4 4. Be2 e6 5. Nbd2 c5 6. b3 Nc6 7. Bb2 Be7 8. O-O
O-O 9. h3 Bh5 10. Rc1 a6 11. c4 Rc8 12. dxc5 a5 13. cxd5 Nxd5 14. a3 Na7 15. e4
Nf4 16. b4 Nxe2+ 17. Qxe2 axb4 18. axb4 Ra8 19. Rfd1 Qc7 20. Nc4 Bg5 21. Be5
Qc6 22. Rb1 Be7 23. g4 Bg6 24. Re1 f6 25. Nd4 Qe8 26. Bh2 Qf7 27. Nd6 Bxd6 28.
Bxd6 Rfd8 29. Nb5 Nxb5 30. Qxb5 Qd7 31. Qe2 f5 32. exf5 exf5 33. Qc4+ Bf7 34.
Qf4 Re8 35. gxf5 Rxe1+ 36. Rxe1 Re8 37. Rxe8+ Qxe8 38. Be5 Qd7 39. Qg4 Bd5 40.
b5 Kf8 41. Bd6+ Kg8 42. Be5 Kf8 43. c6 bxc6 44. Qb4+ Kg8 45. b6 Qb7 46. f6 c5
47. Qxc5 gxf6 48. Bxf6 Qf7 49. Qc8+ Qf8 50. Qg4+ Kf7 51. Qh5+ Kxf6 52. Qxd5 Qb8
53. b7 Ke7 54. Qe4+ Kd6 55. Qf4+ 1-0

[Event "NAYCC U12 w"]
[Site "Kingston CAN"]
[Date "2019.08.19"]
[Round "8.102"]
[White "Wang, Lilian"]
[Black "Yang, Adelynne"]
[Result "1-0"]
[WhiteElo "1767"]
[BlackElo "1133"]
[PlyCount "71"]
[EventDate "2019.08.16"]
[EventType "swiss"]
[EventRounds "9"]
[EventCountry "CAN"]

1. e4 c5 2. Nf3 e6 3. d4 cxd4 4. Nxd4 Nf6 5. Nc3 d6 6. Be3 Be7 7. f3 a6 8. Qd2
b5 9. O-O-O O-O 10. g4 Bb7 11. g5 Nfd7 12. h4 Nc6 13. Kb1 Nde5 14. f4 Nxd4 15.
Qxd4 Nc6 16. Qd2 b4 17. Ne2 a5 18. h5 a4 19. g6 f5 20. gxh7+ Kh8 21. exf5 Rxf5
22. Rg1 Rxh5 23. Nd4 Nxd4 24. Bxd4 e5 25. fxe5 dxe5 26. Qe2 Qe8 27. Bxe5 Rxh7
28. Qg4 Bf8 29. Re1 Qf7 30. Bd3 Rh6 31. Bf4 Bc8 32. Qg2 Qxf4 33. Qxa8 Bd7 34.
Ref1 Qd6 35. Qxf8+ Qxf8 36. Rxf8# 1-0

[Event "NAYCC U12 w"]
[Site "Kingston CAN"]
[Date "2019.08.19"]
[Round "8.103"]
[White "Gomez Camara, Sofia"]
[Black "Zhou, Celina"]
[Result "1-0"]
[WhiteElo "1243"]
[BlackElo "1446"]
[PlyCount "85"]
[EventDate "2019.08.16"]
[EventType "swiss"]
[EventRounds "9"]
[EventCountry "CAN"]

1. e4 c5 2. Nf3 Nc6 3. d4 cxd4 4. Nxd4 g6 5. Nc3 Bg7 6. Be3 Nf6 7. f3 d6 8. Bc4
Bd7 9. Qd2 a6 10. O-O-O b5 11. Bb3 O-O 12. g4 Nxd4 13. Bxd4 a5 14. Bd5 b4 15.
Ne2 Rc8 16. h4 e6 17. Bb7 Rb8 18. Ba6 a4 19. g5 Ne8 20. Bxg7 Kxg7 21. h5 b3 22.
Qc3+ e5 23. axb3 axb3 24. cxb3 Rb6 25. Bc4 Qxg5+ 26. Kb1 Bb5 27. Rdg1 Qe7 28.
hxg6 fxg6 29. Ng3 Kh8 30. Bd5 Nf6 31. Qe3 Nxd5 32. exd5 Rb7 33. Ne4 Kg7 34.
Qh6+ Kg8 35. Rxg6+ hxg6 36. Qh8+ Kf7 37. Rh7+ Ke8 38. Rxe7+ Kxe7 39. Qh4+ Kd7
40. Qh7+ Kd8 41. Qxb7 Bd3+ 42. Ka2 Bxe4 43. fxe4 1-0

[Event "NAYCC U12 w"]
[Site "Kingston CAN"]
[Date "2019.08.19"]
[Round "8.104"]
[White "Wang, Felicity"]
[Black "Zhong, April Yunwei"]
[Result "0-1"]
[WhiteElo "1490"]
[BlackElo "1340"]
[PlyCount "98"]
[EventDate "2019.08.16"]
[EventType "swiss"]
[EventRounds "9"]
[EventCountry "CAN"]

1. e4 c5 2. Nf3 d6 3. Bb5+ Bd7 4. c4 Nc6 5. Nc3 Nf6 6. d4 cxd4 7. Nxd4 g6 8.
O-O Bg7 9. h3 O-O 10. Be3 a6 11. Bxc6 bxc6 12. f4 Qc7 13. Rc1 Rab8 14. b3 Qa5
15. Qe1 Qh5 16. Nde2 Qa5 17. Qh4 Qh5 18. Qg3 Qa5 19. f5 Nh5 20. Qf3 c5 21. Nd5
e6 22. Ne7+ Kh8 23. g4 Qd8 24. gxh5 Bf6 25. fxe6 fxe6 26. Nxg6+ hxg6 27. hxg6
Kg7 28. Qg3 Be5 29. Bf4 Bxf4 30. Rxf4 Qe7 31. Rcf1 Rxf4 32. Rxf4 Be8 33. Rg4
Bc6 34. Rh4 Rh8 35. Rxh8 Kxh8 36. Qg4 Bd7 37. Qh5+ Kg8 38. Nf4 Qg7 39. h4 Qa1+
40. Kg2 Qg7 41. Ne2 Be8 42. Nf4 e5 43. Qh7+ Qxh7 44. gxh7+ Kxh7 45. Nd5 Bg6 46.
Nc3 Kh6 47. Kh3 Bh5 48. Kg3 Kg6 49. a3 a5 0-1

[Event "NAYCC U12 w"]
[Site "Kingston CAN"]
[Date "2019.08.19"]
[Round "8.105"]
[White "Jin, Christina"]
[Black "Liu, Lily"]
[Result "1/2-1/2"]
[WhiteElo "1503"]
[BlackElo "919"]
[PlyCount "134"]
[EventDate "2019.08.16"]
[EventType "swiss"]
[EventRounds "9"]
[EventCountry "CAN"]

1. d4 d5 2. c4 Nf6 3. Nc3 Nc6 4. e3 e5 5. Nf3 e4 6. Nd2 Be6 7. cxd5 Bxd5 8. Be2
Bb4 9. O-O Ne7 10. Qa4+ Nc6 11. Nxd5 Qxd5 12. Bc4 Qd7 13. Bb5 Bxd2 14. Bxd2 a6
15. Bxc6 Qxc6 16. Qxc6+ bxc6 17. Rac1 O-O 18. Rxc6 Rfb8 19. b3 Nd5 20. Rfc1 Rc8
21. Ba5 Ra7 22. Rd6 Ne7 23. Rxc7 Raxc7 24. Bxc7 f5 25. Rd8+ Rxd8 26. Bxd8 Nd5
27. Ba5 Kf8 28. Kf1 Ke7 29. Ke2 g6 30. f3 Kd6 31. fxe4 fxe4 32. Bd2 h5 33. Kf2
g5 34. h3 Nf6 35. g3 g4 36. h4 Nd5 37. Ke1 Kc6 38. Kd1 Kb6 39. Kc2 Kb5 40. a4+
Kb6 41. b4 Kb7 42. Kb3 Kb6 43. Kc4 Kc6 44. b5+ axb5+ 45. axb5+ Kd6 46. Bb4+ Ke6
47. Bd2 Kd6 48. Kb3 Kc7 49. Ka4 Kb6 50. Ba5+ Kb7 51. Bd2 Kb6 52. Bb4 Nxe3 53.
Bc5+ Kb7 54. Kb3 Nf5 55. Kc2 Nxg3 56. d5 Nf5 57. d6 e3 58. Kd3 g3 59. Bxe3 Nxd6
60. b6 Nf5 61. Bg1 Nxh4 62. Ke2 Nf5 63. Kf3 h4 64. Kg2 Nd6 65. Kh3 Nf5 66. Kg4
Kb8 67. Kh3 Kb7 1/2-1/2

[Event "NAYCC U12 w"]
[Site "Kingston CAN"]
[Date "2019.08.19"]
[Round "8.106"]
[White "Chen, Helen"]
[Black "Li, Annie"]
[Result "1/2-1/2"]
[WhiteElo "1447"]
[BlackElo "1285"]
[PlyCount "116"]
[EventDate "2019.08.16"]
[EventType "swiss"]
[EventRounds "9"]
[EventCountry "CAN"]

1. e4 e5 2. Nf3 Nc6 3. Bc4 Nf6 4. Ng5 d5 5. exd5 Na5 6. Bb5+ c6 7. dxc6 bxc6 8.
Qf3 Bb7 9. Ba4 Be7 10. Qc3 Qd5 11. Nf3 Qe4+ 12. Qe3 Qxa4 13. b3 Qe4 14. Qxe4
Nxe4 15. Nxe5 Bf6 16. Bb2 c5 17. f3 Ng5 18. h4 Ne6 19. Rh3 Nc6 20. Nc4 Bxb2 21.
Nxb2 Ned4 22. Na3 O-O-O 23. c3 Rde8+ 24. Kf1 Ne2 25. Nbc4 Kd7 26. g3 Ne5 27.
Kf2 Nd3+ 28. Kf1 Bxf3 29. g4 Bg2+ 30. Kxg2 Nef4+ 31. Kg3 Nxh3 32. Kxh3 Re4 33.
Nb5 Nf2+ 34. Kg3 Nxg4 35. Nbd6 Rxc4 36. Nxc4 Nf6 37. Ne5+ Ke6 38. Re1 Kd5 39.
Nxf7 Ne4+ 40. Kf4 Rf8 41. Rxe4 Rxf7+ 42. Ke3 g6 43. c4+ Kd6 44. d4 cxd4+ 45.
Rxd4+ Kc5 46. a3 Re7+ 47. Re4 Rf7 48. b4+ Kc6 49. a4 Rb7 50. c5 a5 51. Re6+ Kd5
52. Rb6 Re7+ 53. Kd3 axb4 54. c6 Rc7 55. Rxb4 Rxc6 56. Rb5+ Ke6 57. a5 Kd6 58.
Kd4 h6 1/2-1/2